000 00443nam a22001937a 4500
001 sjds
003 sjds
005 20230625185230.0
008 230625b |||||||| |||| 00| 0 spa d
020 _a9682436508
020 _a9789682436505
040 _csjds
041 _aspa
100 1 0 _aVasquez, Zoraida
245 _aEl principe Feliz /
_cZoraida Vasquez
260 _aMexico :
_bTrillas,
_c[1990]
300 _a20 pgs.
942 _cBK
999 _c28216
_d28216